| 000 | 01233nam a2200373 a 4500 | ||
|---|---|---|---|
| 001 | 8503 | ||
| 003 | FISKH | ||
| 005 | 20250916120550.0 | ||
| 008 | 971202s1998 txua b 000 0 eng | ||
| 010 | _a 97220899 | ||
| 020 | _a0817272658 | ||
| 020 | _a9780817272654 | ||
| 040 |
_aDLC _cDLC _beng |
||
| 042 | _alcac | ||
| 050 | 0 | 0 |
_aTF148 _b.B26 1998 |
| 082 | 0 | 0 |
_a625.1 _221 |
| 100 | 1 | _aBarnes, Alan. | |
| 245 | 1 | 0 |
_aAmazing trains / _cwritten by Alan Barnes. |
| 260 |
_aAustin : _bSteck-Vaughn, _c1998. |
||
| 300 |
_a16 pages : _bcolor illustrations ; _c26 cm |
||
| 336 |
_atext _btxt _2rdacontent |
||
| 337 |
_aunmediated _bn _2rdamedia |
||
| 338 |
_avolume _bnc _2rdacarrier |
||
| 440 | 0 | _aPair-it books | |
| 505 | _aN | ||
| 520 | _aPresents a short study of the history and development of trains designed for beginning readers and discusses early rail transportation and steam engines, locomotives, the transcontinental railroad, early Pullman cars, and modern bullet trains. | ||
| 521 | 8 |
_a530
_bLexile |
|
| 521 | 8 |
_aN
_bRaz-Plus |
|
| 650 | 0 |
_aRailroads _xJuvenile literature. |
|
| 650 | 1 | _aRailroads. | |
| 906 |
_a7 _bcbc _corignew _d3 _encip _f19 _gy-gencatlg |
||
| 942 |
_2ddc _cBK _n0 |
||
| 999 |
_c8503 _d8503 |
||